Sachwörterbuch zur deutschen Geschichte /

Bibliographic Details
Main Authors: Rössler, Hellmuth, Franz, Günther, 1902-1992 (Author)
Format: Book
Language:German
Published: München : R. Oldenbourg, 1958.
Subjects:

MARC

Tag First Indicator Second Indicator Subfields
LEADER 00000cam a2200000I 4500
001 in00000718213
005 20210728100244.0
008 750411s1958 gw 000 0 ger c
010 |a  59054622  
035 |a (OCoLC)ocm01268408 
035 |a (OCoLC)01268408 
035 |9 ADC7312AM 
040 |a DRB  |c DRB  |d UtOrBLW 
049 |a TXAM  |c [279708] 
050 0 0 |a DD84  |b .R6 
100 1 |a Rössler, Hellmuth. 
245 1 0 |a Sachwörterbuch zur deutschen Geschichte /  |c von Hellmuth Rössler und Günther Franz, unter Mitarbeit von Willy Hoppe und anderen Fachgelehrten. 
264 1 |a München :  |b R. Oldenbourg,  |c 1958. 
300 |a xl, 1472 pages ;  |c 24 cm. 
336 |a text  |b txt  |2 rdacontent 
337 |a unmediated  |b n  |2 rdamedia 
338 |a volume  |b nc  |2 rdacarrier 
500 |a Issued in parts. 1956 
651 0 |a Germany  |x History  |x Dictionaries. 
700 1 |a Franz, Günther,  |d 1902-1992,  |e author. 
994 |a E0  |b TXA 
999 |a MARS 
999 f f |s 0d32433f-6025-348e-87d4-17917fa04b36  |i f7fb8056-4312-34ba-9804-2b3f3f662cfd  |t 0 
952 f f |p ric  |a Texas A&M University  |b Rellis Campus  |c Joint Library Facility  |d Remote Storage  |t 0  |e DD84 R6  |h Library of Congress classification  |i unmediated -- volume  |m A14801483931 
998 f f |a DD84 R6  |t 0  |l Remote Storage